[Event "Iberoamerican-ch 9th"]
[Site "Panama City"]
[Date "2023.12.02"]
[Round "9"]
[White "Ulloa, Ruben Guillermo"]
[Black "Miranda Mesa, Elier"]
[Result "0-1"]
[WhiteElo "2150"]
[BlackElo "2490"]
[PlyCount "108"]
[EventDate "2023.11.25"]
[EventType "swiss"]
[EventRounds "9"]
[EventCountry "PAN"]
[SourceTitle "CB49_2023"]
[SourceDate "2023.12.06"]
[SourceVersion "1"]
[SourceVersionDate "2023.12.06"]
[SourceQuality "1"]

1. e4 c5 2. Nf3 e6 3. b3 b6 4. Bb2 Bb7 5. e5 Nc6 6. Na3 Nge7 7. Nc4 Nd5 8. g3 Be7 9. Bg2 0-0 10. 0-0 Qc7 11. Re1 b5 12. Ne3 Nxe3 13. dxe3 c4 14. Bd4 Rac8 15. bxc4 bxc4 16. c3 Qa5 17. Qc2 d6 18. exd6 Bxd6 19. e4 Rfd8 20. Rab1 Ba8 21. h4 Nxd4 22. Nxd4 Bc5 23. Red1 Rd7 24. Nf3 Rxd1+ 25. Rxd1 Bc6 26. Qb2 Bxe4 27. Ng5 Bd3 28. Bf1 h6 29. Bxd3 hxg5 30. Bb1 gxh4 31. Qb7 Rd8 32. Rxd8+ Qxd8 33. gxh4 g6 34. Qe4 Qd2 35. Qc2 Bxf2+ 36. Kg2 Qxc2 37. Bxc2 Bxh4 38. Ba4 Be1 39. Bb5 Bxc3 40. Bxc4 Kg7 41. Kf3 Kf6 42. Bb5 Ke7 43. Kf4 Bd2+ 44. Ke4 f5+ 45. Ke5 Bc3+ 46. Kf4 Kf6 47. Be8 e5+ 48. Kf3 e4+ 49. Kf4 g5+ 50. Ke3 Ke5 51. Bg6 f4+ 52. Ke2 f3+ 53. Ke3 Bd4+ 54. Kd2 e3+ 0-1

[Event "Iberoamerican-ch 9th"]
[Site "Panama City"]
[Date "2023.11.30"]
[Round "7"]
[White "Ulloa, Ruben Guillermo"]
[Black "Ticona Rocabado, Licael Roderick"]
[Result "1-0"]
[WhiteElo "2150"]
[BlackElo "2412"]
[PlyCount "63"]
[EventDate "2023.11.25"]
[EventType "swiss"]
[EventRounds "9"]
[EventCountry "PAN"]
[SourceTitle "CB49_2023"]
[SourceDate "2023.12.06"]
[SourceVersion "1"]
[SourceVersionDate "2023.12.06"]
[SourceQuality "1"]

1. e4 e6 2. d4 d5 3. Nd2 c5 4. exd5 Qxd5 5. Ngf3 cxd4 6. Bc4 Qd7 7. 0-0 Nc6 8. Nb3 a6 9. Nbxd4 Nxd4 10. Nxd4 Qc7 11. Bb3 Bd6 12. Re1 Bxh2+ 13. Kh1 h5 14. Nf5 Be5 15. f4 exf5 16. Rxe5+ Be6 17. Bxe6 fxe6 18. Rxe6+ Kf7 19. Qd5 Nf6 20. Qb3 Kg6 21. Qg3+ Kf7 22. Qb3 Kg6 23. Qg3+ Kh7 24. Qg5 Rhe8 25. Qxf5+ Kh8 26. Re5 Qb6 27. Be3 Qxb2 28. Re1 Qc3 29. Bf2 Kg8 30. Rxe8+ Rxe8 31. Rxe8+ Nxe8 32. Qd5+ 1-0

[Event "Iberoamerican-ch 9th"]
[Site "Panama City"]
[Date "2023.11.28"]
[Round "5"]
[White "Avendano Porras, Rodrigo"]
[Black "Ulloa, Ruben Guillermo"]
[Result "0-1"]
[WhiteElo "1864"]
[BlackElo "2150"]
[PlyCount "94"]
[EventDate "2023.11.25"]
[EventType "swiss"]
[EventRounds "9"]
[EventCountry "PAN"]
[SourceTitle "CB49_2023"]
[SourceDate "2023.12.06"]
[SourceVersion "1"]
[SourceVersionDate "2023.12.06"]
[SourceQuality "1"]

1. e4 d5 2. exd5 Qxd5 3. Nc3 Qa5 4. d4 Nf6 5. Nf3 Bf5 6. Bc4 e6 7. Bd2 Bb4 8. Qe2 0-0 9. 0-0-0 Nc6 10. h3 Nd5 11. Nxd5 exd5 12. Bb3 Rfe8 13. Be3 Rad8 14. Nh4 Bc8 15. Qf3 Be7 16. Nf5 Bxf5 17. Qxf5 Bf6 18. g4 Qb6 19. c3 Ne7 20. Qd3 Bh4 21. Rhg1 h6 22. g5 hxg5 23. Qd2 f6 24. Bc2 Kf7 25. f4 g6 26. fxg5 f5 27. Bf4 Nc8 28. Be5 Nd6 29. Qf4 Nc4 30. Bb3 Nxe5 31. Qxh4 Rh8 32. Qg3 Nc6 33. Rde1 Na5 34. Qe5 Nxb3+ 35. axb3 Qd6 36. Qg3 Qxg3 37. Rxg3 Rde8 38. Rge3 Re4 39. Kd2 Rhh4 40. R1e2 c6 41. Re1 Rh5 42. Rg3 Ke6 43. Ra1 a6 44. Ra4 f4 45. Rg1 Rxh3 46. Raa1 Rh2+ 47. Kc1 Ree2 0-1

[Event "Panama op 4th"]
[Site "Panama City"]
[Date "2023.11.09"]
[Round "7"]
[White "Ulloa, Ruben Guillermo"]
[Black "Sanchez Bermudez, Rogelio Oscar"]
[Result "1-0"]
[WhiteElo "2150"]
[BlackElo "1762"]
[PlyCount "87"]
[EventDate "2023.11.06"]
[EventType "swiss"]
[EventRounds "9"]
[EventCountry "PAN"]
[SourceTitle "CB46_2023"]
[SourceDate "2023.11.15"]
[SourceVersion "1"]
[SourceVersionDate "2023.11.15"]
[SourceQuality "1"]

1. e4 e5 2. Nf3 Nc6 3. Bb5 a6 4. Ba4 Bc5 5. 0-0 b5 6. Bb3 d6 7. h3 Nf6 8. c3 0-0 9. d4 Bb6 10. a4 Bb7 11. Re1 h6 12. axb5 axb5 13. Rxa8 Qxa8 14. Na3 exd4 15. cxd4 Na5 16. d5 Ba6 17. Bc2 b4 18. Nb1 Qa7 19. Be3 Bxe3 20. Rxe3 Nc4 21. Rb3 Rb8 22. Nd4 Ne5 23. Nf5 Kh7 24. Qd2 Qc5 25. Rg3 Ng6 26. b3 Nh5 27. Re3 Re8 28. Qd1 Nf6 29. Nd2 Bc8 30. Ng3 Bd7 31. Nf3 Ra8 32. Kh2 Ra2 33. Nd4 Qa7 34. Rf3 Ne5 35. Rxf6 gxf6 36. Nh5 c5 37. dxc6 Bxc6 38. Nxc6 Qxf2 39. Nd4 Kg6 40. Ng3 Qf4 41. Qh5+ Kh7 42. Qf5+ Qxf5 43. Ngxf5 Ra6 44. Ne7 1-0

[Event "Panama op 4th"]
[Site "Panama City"]
[Date "2023.11.08"]
[Round "5"]
[White "Ulloa, Ruben Guillermo"]
[Black "Strikovic, Aleksa"]
[Result "0-1"]
[WhiteElo "2150"]
[BlackElo "2455"]
[PlyCount "122"]
[EventDate "2023.11.06"]
[EventType "swiss"]
[EventRounds "9"]
[EventCountry "PAN"]
[SourceTitle "CB46_2023"]
[SourceDate "2023.11.15"]
[SourceVersion "1"]
[SourceVersionDate "2023.11.15"]
[SourceQuality "1"]

1. e4 d6 2. d4 Nf6 3. Nc3 e5 4. Nf3 Nbd7 5. Bc4 Be7 6. a4 0-0 7. 0-0 exd4 8. Nxd4 Ne5 9. Ba2 Nc6 10. Bf4 Nb4 11. Bb1 c6 12. h3 a5 13. Nce2 d5 14. c3 Na6 15. e5 Ne4 16. f3 Nec5 17. g4 g6 18. Kg2 Re8 19. Bg3 Bf8 20. Re1 Bg7 21. Ng1 Nc7 22. b4 axb4 23. cxb4 N5e6 24. Nge2 f6 25. f4 fxe5 26. fxe5 Bd7 27. Bc2 Nxd4 28. Nxd4 Ne6 29. Nf3 Bh6 30. Rb1 Rf8 31. Bd3 c5 32. b5 b6 33. Bc2 Bc8 34. Rf1 Bb7 35. h4 Bf4 36. h5 gxh5 37. Bf5 Qe7 38. Bh4 Qf7 39. Bf6 d4 40. Rh1 Ng7 41. Qd3 Nxf5 42. Qxf5 Bxe5 43. Bxe5 Qxf5 44. gxf5 Rxf5 45. Rhe1 Bxf3+ 46. Kg3 Rxa4 47. Bc7 d3 48. Re8+ Kf7 49. Rd8 h4+ 50. Kh3 Bg4+ 51. Kxh4 Be2+ 52. Kh3 Rg4 53. Rd7+ Kg6 54. Rd6+ Kh5 55. Rd7 h6 56. Bg3 c4 57. Rc1 Rf3 58. Rd5+ Rg5 59. Rxg5+ hxg5 60. Rh1 d2 61. Kg2+ Kg4 0-1

[Event "Pan American-ch Amateur U2300"]
[Site "San Jose"]
[Date "2019.10.25"]
[Round "5.2"]
[White "Alfaro Caracas, William"]
[Black "Ulloa, Ruben Guillermo"]
[Result "1-0"]
[WhiteElo "2103"]
[BlackElo "2180"]
[PlyCount "99"]
[EventDate "2019.10.23"]
[EventType "swiss"]
[EventRounds "9"]
[EventCountry "CRI"]
[SourceTitle "EXT 2021"]
[Source "ChessBase"]
[SourceDate "2020.10.23"]
[SourceVersion "1"]
[SourceVersionDate "2020.10.23"]
[SourceQuality "1"]

1. Nf3 Nf6 2. c4 e6 3. d4 d5 4. Nc3 Be7 5. Bg5 Nbd7 6. e3 h6 7. Bh4 0-0 8. Rc1 c5 9. dxc5 dxc4 10. c6 Nb6 11. Qxd8 Bxd8 12. Ne5 bxc6 13. Nxc4 c5 14. Be2 Bb7 15. 0-0 Nxc4 16. Bxc4 Nd5 17. Bg3 Nb6 18. Be2 Bf6 19. Rfd1 c4 20. Bd6 Rfc8 21. Ba3 Bc6 22. Bc5 Rab8 23. Bd4 e5 24. Bxb6 Rxb6 25. Bxc4 Rxb2 26. Nd5 Bd8 27. Ba6 Bb7 28. Rxc8 Bxc8 29. Bxc8 Ba5 30. a4 Ra2 31. Bd7 a6 32. h4 h5 33. g3 Kh7 34. Kg2 Kh6 35. Be8 f6 36. e4 Bd2 37. Kf3 Rb2 38. Nc7 a5 39. Nd5 Ra2 40. Rb1 Ra3+ 41. Kg2 Ra2 42. Rb3 Be1 43. Rf3 Kh7 44. Rf5 Kg8 45. Rf3 Kf8 46. Bxh5 Rxa4 47. Rb3 Bb4 48. Bg6 Ra3 49. Rb1 Ra4 50. Rc1 1-0

[Event "Capablanca Memorial op 53rd"]
[Site "Havana"]
[Date "2018.05.09"]
[Round "1"]
[White "Ulloa, Ruben Guillermo"]
[Black "Cabrera Ladron de Guevara, Mayra"]
[Result "1/2-1/2"]
[WhiteElo "2238"]
[BlackElo "2103"]
[PlyCount "98"]
[EventDate "2018.05.09"]
[EventType "swiss"]
[EventRounds "10"]
[EventCountry "CUB"]
[SourceTitle "EXT 2019"]
[Source "ChessBase"]
[SourceDate "2018.10.10"]
[SourceVersion "1"]
[SourceVersionDate "2018.10.10"]
[SourceQuality "1"]

1. d4 Nf6 2. c4 e6 3. Nf3 Bb4+ 4. Bd2 c5 5. Bxb4 cxb4 6. a3 Na6 7. e3 0-0 8. c5 bxa3 9. Rxa3 Nb4 10. Nc3 d6 11. cxd6 Qxd6 12. Be2 a6 13. 0-0 b6 14. e4 Qf4 15. g3 Qh6 16. Qb3 a5 17. Re1 Bb7 18. Bf1 Rac8 19. Raa1 Rfd8 20. Rad1 Qh5 21. Bg2 Ba6 22. h3 Bc4 23. Qa4 Nd3 24. Re2 b5 25. Qa1 b4 26. Na4 Nf4 27. Re3 Ne2+ 28. Rxe2 Bxe2 29. g4 Nxg4 30. hxg4 Qxg4 31. Nh2 Qf4 32. Re1 Rc2 33. Nc5 Bc4 34. Nf3 Ra8 35. Re3 g5 36. b3 Bb5 37. Qd1 Ra2 38. d5 g4 39. dxe6 fxe6 40. Nxe6 Qf6 41. e5 Qxe6 42. Ng5 Qf5 43. Qd5+ Kg7 44. Qb7+ Bd7 45. Ne6+ Qxe6 46. Qxa8 Qf7 47. Qe4 Qxf2+ 48. Kh2 Qh4+ 49. Kg1 Qf2+ 1/2-1/2

[Event "Olympiad-42"]
[Site "Baku"]
[Date "2016.09.10"]
[Round "8.2"]
[White "Ulloa, Ruben Guillermo"]
[Black "Salim Issa, Ali Shamas"]
[Result "1-0"]
[WhiteElo "2128"]
[BlackElo "1932"]
[PlyCount "103"]
[EventDate "2016.09.02"]
[EventType "team-swiss"]
[EventRounds "11"]
[EventCountry "AZE"]
[SourceTitle "CBM 175"]
[Source "ChessBase"]
[SourceDate "2016.11.10"]
[SourceVersion "1"]
[SourceVersionDate "2016.11.10"]
[SourceQuality "1"]
[WhiteTeam "Panama"]
[BlackTeam "Oman"]
[WhiteTeamCountry "PAN"]
[BlackTeamCountry "OMN"]

1. d4 Nf6 2. c4 e6 3. g3 Bb4+ 4. Bd2 Qe7 5. Nf3 Nc6 6. Nc3 0-0 7. Bg2 d5 8. 0-0 Bxc3 9. Bxc3 Ne4 10. Qc2 f5 11. Rac1 Bd7 12. Qb3 Nxc3 13. Qxc3 Rac8 14. Nd2 dxc4 15. Nxc4 Kh8 16. Na5 Nd8 17. Nxb7 Bb5 18. Rfe1 c6 19. Nc5 Nb7 20. e3 Nxc5 21. Qxc5 Qb7 22. b3 Bd3 23. Qd6 Qa6 24. a4 Qa5 25. b4 Qxa4 26. Ra1 Qc2 27. Rxa7 Be4 28. Qe7 Rg8 29. Qxe6 Qc3 30. Rea1 Rce8 31. Qd6 h6 32. Qc5 Qb2 33. Bxe4 fxe4 34. Qxc6 Qxb4 35. Qg6 Qb2 36. Rf1 Qb8 37. Rf7 Qa8 38. Rc1 Rc8 39. Rxc8 Qxc8 40. Qxe4 Qc1+ 41. Kg2 Qc4 42. Qf3 Qc8 43. d5 Qd8 44. e4 Qd6 45. Qf4 Qc5 46. d6 Qd4 47. d7 Qc5 48. Qg4 Qd4 49. Qf5 Qb4 50. Qd5 Qb6 51. e5 Qd8 52. e6 1-0

[Event "Pan American-ch U20"]
[Site "San Salvador"]
[Date "2015.07.18"]
[Round "4"]
[White "Ulloa, Ruben Guillermo"]
[Black "Rodriguez, Wilfredo"]
[Result "1-0"]
[WhiteElo "2016"]
[BlackElo "1631"]
[PlyCount "41"]
[EventDate "2015.07.16"]
[EventType "swiss"]
[EventRounds "9"]
[EventCountry "ESA"]
[SourceTitle "EXT 2016"]
[Source "ChessBase"]
[SourceDate "2015.10.08"]
[SourceVersion "1"]
[SourceVersionDate "2015.10.08"]
[SourceQuality "1"]

1. d4 Nf6 2. c4 g6 3. g3 Bg7 4. Bg2 0-0 5. Nc3 d6 6. Nf3 Nbd7 7. 0-0 e5 8. Qc2 c6 9. Rd1 Qc7 10. e4 Ne8 11. d5 a5 12. Bg5 f6 13. Be3 f5 14. Ng5 Nb6 15. Qb3 Ra6 16. c5 Na8 17. dxc6+ Kh8 18. Nd5 Qd8 19. cxb7 Bxb7 20. Qxb7 f4 21. Ne6 1-0

[Event "Panama op 3rd"]
[Site "Panama City"]
[Date "2013.11.03"]
[Round "6"]
[White "Crespo Hidalgo, Carlos"]
[Black "Ulloa, Ruben Guillermo"]
[Result "1-0"]
[WhiteElo "2113"]
[BlackElo "1838"]
[PlyCount "105"]
[EventDate "2013.10.30"]
[EventType "swiss"]
[EventRounds "9"]
[EventCountry "PAN"]
[SourceTitle "EXT 2014"]
[Source "ChessBase"]
[SourceDate "2013.11.20"]
[SourceVersion "1"]
[SourceVersionDate "2013.11.20"]
[SourceQuality "1"]

1. d4 Nf6 2. c4 e6 3. Nc3 Bb4 4. Qc2 c5 5. dxc5 Na6 6. a3 Bxc3+ 7. Qxc3 Nxc5 8. b4 Nce4 9. Qc2 d5 10. f3 Nd6 11. c5 Nc4 12. e3 Ne5 13. Bb2 Ng6 14. Bd3 0-0 15. Ne2 Re8 16. 0-0 e5 17. Ng3 Qc7 18. e4 Nf4 19. Bb5 Rd8 20. exd5 N6xd5 21. Rfe1 f6 22. Ne4 b6 23. g3 Nh3+ 24. Kg2 bxc5 25. Qxc5 Qxc5 26. Nxc5 Nb6 27. Rad1 Bf5 28. a4 Kh8 29. Bc1 h5 30. a5 Nd5 31. Bd3 Bxd3 32. Rxd3 Ng5 33. Bxg5 fxg5 34. Rxe5 Nxb4 35. Rxd8+ Rxd8 36. Rxg5 Rd5 37. Rxd5 Nxd5 38. f4 a6 39. Kf3 Ne7 40. Ke4 Kg8 41. Nb3 Kf7 42. Ke5 Ke8 43. Ke6 Kd8 44. Nc5 h4 45. Nxa6 hxg3 46. hxg3 Nc6 47. Nc5 Nxa5 48. Kf7 Nc4 49. Ne6+ Kd7 50. Nxg7 Ne5+ 51. Kg8 Nc4 52. g4 Ke7 53. f5 1-0